Loading...
| Science - Chemistry | 0 | 12 | 2 | 3 | 110 | 50 | 92.83 | 3 | 5 | 25.45 | 38.33 |
| Science - Other | 0 | 6 | 0 | 2 | 60 | 67 | 109.17 | 0 | 1 | 1.70 | 1.11 |
| Science - Physics | 0 | 5 | 0 | 1 | 50 | 102 | 118.60 | 0 | 0 | 9.11 | 20.00 |
| Science - Biology | 0 | 4 | 1 | 0 | 35 | 73 | 112.75 | 0 | 0 | 6.82 | 8.33 |
| Mythology | 0 | 3 | 1 | 0 | 25 | 52 | 85.00 | 0 | 1 | 0.00 | 0.00 |
| Literature - European | 0 | 2 | 0 | 0 | 20 | 80 | 97.00 | 0 | 1 | 0.06 | 3.33 |
| Fine Arts - Classical Music | 0 | 2 | 0 | 0 | 20 | 105 | 123.00 | 1 | 1 | 0.00 | 0.00 |
| Literature - British | 0 | 1 | 0 | 1 | 10 | 159 | 159.00 | 0 | 0 | 0.00 | 0.00 |
| Current Events | 0 | 1 | 0 | 0 | 10 | 118 | 118.00 | 0 | 0 | 0.15 | 3.33 |
| History - Other | 0 | 1 | 0 | 0 | 10 | 114 | 114.00 | 0 | 0 | 0.00 | 0.00 |
| Fine Arts - Painting & Sculpture | 0 | 1 | 0 | 0 | 10 | 113 | 113.00 | 0 | 0 | 0.00 | 0.00 |
| Fine Arts - Other | 0 | 1 | 0 | 0 | 10 | 56 | 56.00 | 0 | 0 | 0.00 | 0.00 |
| History - European | 0 | 1 | 0 | 0 | 10 | 89 | 89.00 | 0 | 0 | 0.00 | 0.00 |
| Geography | 0 | 1 | 0 | 1 | 10 | 150 | 150.00 | 0 | 0 | 0.00 | 0.00 |
| Other Academic | 0 | 0 | 0 | 0 | 0 | 0.00 | 0 | 0 | 0.00 | 0.00 | |
| Philosophy | 0 | 0 | 1 | 0 | -5 | 0.00 | 0 | 0 | 0.00 | 0.00 |